माता-पिता की माथापच्ची / (Record no. 11768)

MARC details
000 -LEADER
fixed length control field 01027 a2200217 4500
005 - DATE AND TIME OF LATEST TRANSACTION
control field 20080826145036.0
008 - FIXED-LENGTH DATA ELEMENTS--GENERAL INFORMATION
fixed length control field 080826t xxu||||| |||| 00| 0 hin d
010 ## - LIBRARY OF CONGRESS CONTROL NUMBER
LC control number HIN-83152
020 ## - INTERNATIONAL STANDARD BOOK NUMBER
Terms of availability 200.00
International Standard Book Number 8189576038
035 ## - SYSTEM CONTROL NUMBER
System control number HN-55498
037 ## - SOURCE OF ACQUISITION
Source of stock number/acquisition पु.प्र.अ.प्र /प्रका
082 ## - DEWEY DECIMAL CLASSIFICATION NUMBER
Classification number 649.1
100 ## - MAIN ENTRY--PERSONAL NAME
Personal name गिजु भाई
245 ## - TITLE STATEMENT
Title माता-पिता की माथापच्ची /
Statement of responsibility, etc गिजु भाई
246 ## - VARYING FORM OF TITLE
Title proper/short title Mata-pita kee matha pachchi
Remainder of title by Gijubhai
260 ## - PUBLICATION, DISTRIBUTION, ETC. (IMPRINT)
Place of publication, distribution, etc हापुड़
Name of publisher, distributor, etc कल्पतरू प्रकाशन
Date of publication, distribution, etc 2007
270 ## - ADDRESS
Address रेवती कुंज
City हापुड़
Postal code 245101
300 ## - PHYSICAL DESCRIPTION
Extent 160पृ
Dimensions 22 सेमी (सजिल्द)
942 ## - ADDED ENTRY ELEMENTS (KOHA)
Institution code [OBSOLETE] dpl
Koha item type Hindi Books
Call number prefix 649.1 / गिजुभा
Source of classification or shelving scheme Dewey Decimal Classification
Classification part 649.1
Call number suffix गिजुभा
Holdings
Withdrawn status Lost status Damaged status Not for loan Home library Current library Date acquired Cost, normal purchase price Total Checkouts Full call number Barcode Date last seen Copy number Uniform Resource Identifier Cost, replacement price Price effective from Koha item type
        D.B.Act.Division D.B.Act.Division   200.00   649.1 गिजुभा HN-55498 15/09/2008 1 12883 200.00 15/09/2008 Hindi Books

© Delhi Public Library
Hit Counter
free hit counter